Statystyki dla Stolice świata najbliżej Warszawy - jedna minuta sprint

Kliknij tutaj aby rozwiązać quiz!

Ogólne statystyki

  • Ten quiz został rozwiązany 1 082 razy
  • Średni wynik to 12 z 20

Statystyki odpowiedzi

kmstolica% Poprawnych
518Berlin
99%
517Praga
95%
393Wilno
90%
534Bratysława
88%
691Kijów
88%
476Mińsk
87%
561Ryga
75%
546Budapeszt
74%
556Wiedeń
73%
812Sztokholm
59%
948Bukareszt
56%
673Kopenhaga
53%
1064Oslo
53%
916Helsinki
49%
803Zagrzeb
31%
834Lublana
27%
835Tallinn
25%
814Kiszyniów
24%
830Belgrad
21%
952Sarajewo
11%

Rozkład punktacji

Percentyl według liczby udzielonych odpowiedzi

Procent ludzi z każdym wynikiem

Twoja historia wyników

Nie rozwiązałeś tego quizu